【常用漢字】人偏 - Statistics

General Stats
  • This quiz has been taken 73 times
  • The average score is 28 of 90
Answer Stats
解答 読み方 % Correct
タイ,テイ,からだ
79%
ジン,ニ,ニン
75%
キュウ,やすむ,やすまる,やすめる,いこう,やめる,さいわい,よい
75%
チュウ,なか
67%
シン,まこと,まかせる,たより
61%
カ,なに,なん,いずれ,いずく
52%
タ,ほか
51%
サ,すけ,たすける
51%
コ,カ
51%
カ,ケ,かり,かす
49%
ニン,ジン,まかせる,まかす
49%
サク,サ,つくる,なす
48%
ジュウ,すむ,すまう,とどまる
48%
ジ,シ,さむらい,はべる,さぶらう
48%
シ,ジ,つかえる,つかまつる
46%
ユウ,ウ,やさしい,すぐれる,ゆたか,まさる,わざおぎ,やわらぐ
46%
ダイ,タイ,かわる,かえる,よ,しろ
44%
フ,つける,つく,あたえる
43%
ホ,ホウ,たもつ,もつ,やすんじる
43%
ケン,すこやか,たけし,したたか
43%
ブツ,フツ,ほとけ
41%
セン
41%
イ,くらい
41%
シン,のびる,のばす,のべる,のす,のる
41%
フク,ブク,ふせる,ふす,かくれる,したがう
38%
ハク,ハ,はたがしら,かしら,おさ
38%
カ,あたい
38%
キョウ,ク,そなえる,とも
38%
シャク,シャ,かりる
38%
ケン,くだり,くだん
36%
オク,おしはかる
36%
カ,よい
34%
チ,チョク,ね,あたい,あう
34%
ケン,つましい,つづまやか
33%
ギ,のり,よい
33%
ジ,シ,にる,ごとし
31%
使 シ,つかう,つかわす
31%
ケイ,かかる,かかり,かかわる,つなぐ
31%
コウ,そうろう,うかがう,まつ,さぶらう
31%
ヘン,かたよる,ひとえに
31%
ドウ,はたらく
31%
キ,ギ,わざ,たくみ
30%
バツ,ハツ,きる,うつ,ほこる
30%
ハン,バン,ともなう,とも
30%
イ,エ,よる
30%
レイ,たとえる,たぐい,ためし
30%
ソク,うながす,せまる
30%
ビ,ヒ,そなえる,そなわる,つぶさに
30%
デン,つたわる,つたえる,つたう,つて
28%
バイ,ハイ,ます,そむく
28%
イ,えらい,すぐれる
28%
ブ,あなどる
26%
ソク,ショク,がわ,そば,はた,かたわら
26%
ソウ
26%
テイ,ひくい,ひくめる,ひくまる,たれる
25%
ゾク,ならわし,いやしい
25%
シュウ,シュ,おさめる,おさまる,かざる,ながい
25%
トウ,たおれる,たおす,さかさま,こける
25%
シ,うかがう
23%
リン,みち,たぐい,ついで
23%
ゾウ,ショウ,かたち,かたどる
23%
タン,ダン,ただし,ただ
21%
ハイ,わざおぎ,たわむれ
21%
ショウ,きず,いたむ,いためる,そこなう
21%
コウ,まと,きみ
20%
リョ,ロ,とも
20%
テイ,とまる,とどまる
20%
ボク,しもべ,やつがれ
20%
ギョウ,コウ,あおぐ,おおせ,あおのく,のく
18%
シン,おかす,みにくい
18%
便 ベン,ビン,たより,よすが,いばり,へつらう,すなわち
18%
エン,おれ,われ
18%
ボウ,ホウ,かたわら,そば,はた,わき,そう
18%
ケイ,かたむく,かたむける,かしぐ,かたげる,くつがえる
18%
ヒョウ,たわら
16%
ギ,いつわる,にせ
16%
キン,わずか
15%
サイ,かり,かし
15%
サイ,もよおす,もよい,うながす
15%
ショウ,つぐなう
15%
シュン,すぐれる
13%
ホウ,ならう
13%
ホウ,ふち
11%
リョウ,とも,つかさ
11%
テイ,うかがう
10%
ジュ
10%
ゴウ,おごる,あなどる,あそぶ
8%
ヘイ,あわせる,ならぶ,しかし
7%
グウ,たまたま,たぐい,ひとがた
7%
ケツ,すぐれる
7%
No matching quizzes found
Score Distribution
Percent of People with Each Score
Percentile by Number Answered
Your Score History
You have not taken this quiz